Physical geology : (Record no. 11535)
[ view plain ]
| 000 -LEADER | |
|---|---|
| fixed length control field | 00573cam a2200181 a 4500 |
| 020 ## - INTERNATIONAL STANDARD BOOK NUMBER | |
| ISBN | 0697266753 (case) |
| 020 ## - INTERNATIONAL STANDARD BOOK NUMBER | |
| ISBN | 0697266761 (paper) |
| 040 ## - CATALOGING SOURCE | |
| Transcribing agency | DLC |
| 082 ## - DEWEY DECIMAL CLASSIFICATION NUMBER | |
| Classification number | 550 WM. 1996 A030 Or. |
| 100 1# - MAIN ENTRY--AUTHOR NAME | |
| Personal name | Plummer, Charles C., |
| 245 10 - TITLE STATEMENT | |
| Title | Physical geology : |
| Remainder of title | with interactive plate tectonics CD-ROM / |
| 250 ## - EDITION STATEMENT | |
| Edition statement | 7th ed. |
| 260 ## - PUBLICATION, DISTRIBUTION, ETC. (IMPRINT) | |
| Place of publication | Dubuque, IA : |
| Name of publisher | Wm. C. Brown, |
| Year of publication | c1996. |
| 300 ## - PHYSICAL DESCRIPTION | |
| Number of Pages | xix, 539 p. : |
| Other physical details | ill. (some col.), col. maps ; |
| Dimensions | 29 cm. + |
| Accompanying material | 1 computer laser optical disc (4 3/4 in.) |
| 650 #0 - SUBJECT ADDED ENTRY--TOPICAL TERM | |
| Topical Term | Physical geology. |
| 700 1# - ADDED ENTRY--PERSONAL NAME | |
| Personal name | McGeary, David. |
| 942 ## - ADDED ENTRY ELEMENTS (KOHA) | |
| Koha item type | សៀវភៅភាសាអង់គ្លេស |
| 952 ## - LOCATION AND ITEM INFORMATION (KOHA) | |
| Withdrawn status [LOCAL, KOHA] | 0 |
| Permanent Location | Date acquired | Koha item type | Lost status | Shelving location | Barcode | Current Location | Full call number |
|---|---|---|---|---|---|---|---|
| Library Block A | 2017-08-03 | សៀវភៅភាសាអង់គ្លេស | A030 | A13188 | Library Block A | 550 WM. 1996 A030 Or. |